00690nam a2200241Ia 4500008004100000100002100041245008500062260001100147300002100158440002500179521000700204650002600211650002000237650003000257650001900287650002300306650002100329650002200350650002200372650001900394650002000413650001500433140626s9999 xx 000 0 und d aScolari, Carlos. aMedia ecology :b exploring the metaphor to expand the theory /c Carlos.Scolari cc2012. a22 : 2, page 204 aCommunication Theory aMC aCommunication theory. aHybridizations. aIntermedia relationships. aMedia ecology. aMedia environment. aMedia evolution. aMedia extinction. aMedia interfaces. aMedia species. aMedia survival. aNew media.